| 000 | 00356nam a22001457a 4500 | ||
|---|---|---|---|
| 003 | macl | ||
| 005 | 20191122154427.0 | ||
| 008 | 191122b xxu||||| |||| 00| 0 eng d | ||
| 040 | _cmacl | ||
| 100 |
_aSinha, Tuhin A _977231 |
||
| 245 | _aWhen the Chief Fell in Love | ||
| 260 |
_aDelhi _bFingerPrint _c2018 |
||
| 650 |
_aFiction _977232 |
||
| 942 |
_2ddc _cBK |
||
| 999 |
_c61372 _d61372 |
||